000
00349pam a2200157a 44500
008
230515b1989 xxu||||| |||| 00| 0 eng d
020
_a
NULL
041
_a
ENGLISH
082
_a
N.D.
100
_a
Douglas V. Hall
245
_a
Digital Circuits & System
250
_a
0
260
_a
NULL
_b
Mcgraw Hill
_c
1989
300
_a
554
650
_a
NULL
999
_c
570769
_d
570769